000 02875nam a2200457Ii 4500
001 57846
003 CO-BoRNBP
005 20250731170624.0
007 cr |||||||||||
008 230406s2022 ck ad ob 000 0 spa d
020 _a9587983319
040 _aDGITA
_beng
_erda
_epn
_cDGITA
043 _as-ck---
080 _a342.4(862)
082 0 4 _a342.861
_223
100 1 _aCepeda Espinosa, Manuel José,
_eauthor.
_961791
245 1 3 _aLa constitución de 1991 :
_bviviente y transformadora /
_cManuel José Cepeda Espinosa.
250 _a1st ed.
264 1 _aBogotá D.C., Colombia :
_bEdiciones Uniandes,
_c[2022]
300 _a1 online resource :
_billustrations, charts.
336 _atext
_btxt
_2rdacontent
337 _acomputer
_bc
_2rdamedia
338 _aonline resource
_bcr
_2rdacarrier
347 _atext file
_2rdaft
347 _bEPUB
490 1 _aColección Estudios académicos
500 _a"Universidad de los Andes Colombia, Facultad de Derecho."
504 _aIncludes bibliographical references.
520 _aLa Constitución de 1991: viviente y transformadora es una invitación a la reflexión sobre el impacto de la Constitución de Colombia, que cumplió treinta años de vigencia, la segunda que dura más de tres décadas. Presenta un balance global de su vida, de su funcionamiento y de su impacto transformador en múltiples ámbitos de la vida nacional. La tesis fundamental que expone la Constitución de 1991, lejos de quedarse escrita, ha tenido una incidencia profunda que ha llevado a que Colombia sea hoy un país diferente al que existía antes de los años noventa del siglo XX. Algunos cambios que ha producido son evidentes, mientras otros no han sido tan visibles, pero son también muy significativos. En cada capítulo del libro se pone énfasis en estas transformaciones que se inscriben en lo que políticamente se denominó "el revolcón", pero que académicamente se conoce como "constitucionalismo transformador". El libro está dirigido a todos los ciudadanos, no solo a abogados, por lo cual se ha evitado, en lo posible, el uso de lenguaje técnico. No contiene notas a pie de página porque no pretende ser un libro de investigación, pero provee una amplia referencia a sentencias para el lector interesado en profundizar en el tema.
650 0 _aConstitutional history
_zColombia.
_2LEMB
_961792
650 0 _aConstitutional law
_zColombia.
_2LEMB
_961793
650 0 _aCivil rights
_zColombia.
_2LEMB
_961794
651 4 _aColombia
_xConstitución, 1991.
_961795
655 4 _aLibros electrónicos.
_961796
700 1 _aBogdandy, Armin von,
_eprefacio.
_961797
700 1 _aGaviria Trujillo, César,
_eprólogo.
_961798
776 0 8 _z958-798-330-0
830 0 _aEstudios académicos (Universidad de los Andes (Bogotá, Colombia). Facultad de Derecho)
_961799
906 _aBOOK
942 _2ddc
_cBK
999 _c57846
_d57846